Ecce homo. L'omossessualità nella Bibbia (Record n. 212698)
[ formato base ]
| 000 -LEADER | |
|---|---|
| fixed length control field | 00980nam a2200205Ia 4500 |
| 001 - CONTROL NUMBER | |
| control field | b4552-29446 |
| 003 - CONTROL NUMBER IDENTIFIER | |
| control field | IT-MiCISF |
| 008 - FIXED-LENGTH DATA ELEMENTS--GENERAL INFORMATION | |
| fixed length control field | 161014s9999||||xx |||||||||||||| ||und|| |
| 040 ## - CATALOGING SOURCE | |
| Original cataloging agency | IT-MiCISF |
| Transcribing agency | IT-MiCISF |
| 041 ## - LANGUAGE CODE | |
| Language code of text/sound track or separate title | it |
| 999 ## - SYSTEM CONTROL NUMBERS (KOHA) | |
| Koha Dewey Subclass [OBSOLETE] | si |
| 100 ## - MAIN ENTRY--PERSONAL NAME | |
| Personal name | Consoli Massimo |
| 245 #0 - TITLE STATEMENT | |
| Title | Ecce homo. L'omossessualità nella Bibbia |
| 250 ## - EDITION STATEMENT | |
| Edition statement | 1a ed. |
| 260 ## - PUBLICATION, DISTRIBUTION, ETC. (IMPRINT) | |
| Place of publication, distribution, etc. | Milano |
| Name of publisher, distributor, etc. | Kaos Edizioni |
| Date of publication, distribution, etc. | 1998 |
| 300 ## - PHYSICAL DESCRIPTION | |
| Extent | pp. 151 |
| 500 ## - GENERAL NOTE | |
| General note | / omosessualità, bibbia / Indagine biblica, con la quale l'A. - tra i fondatori del movimento gay italiano - cerca di dimostrare come Gesù non abbia mai espresso giudizi negativi o condanne nei riguardi dell'omosessualità, e come anzi la Bibbia sia una delle opere che più inneggiano all'amore gay. Contiene anche una nuova traduzione del Cantico dei Cantici, il cui testo secondo l'A. è stato manipolato fin dall'antichità, per nascondere i suoi riferimenti all'amore omosessuale. |
| 650 ## - SUBJECT ADDED ENTRY--TOPICAL TERM | |
| Topical term or geographic name as entry element | sessualità |
| 942 ## - ADDED ENTRY ELEMENTS (KOHA) | |
| Koha item type | LIBRO |
| 957 ## - | |
| -- | 1 |
| 999 ## - SYSTEM CONTROL NUMBERS (KOHA) | |
| -- | 1 |
| Withdrawn status | Lost status | Damaged status | Not for loan | Home library | Current library | Date acquired | Total Checkouts | Full call number | Date last seen | Price effective from | Koha item type | Public note |
|---|---|---|---|---|---|---|---|---|---|---|---|---|
| Buone Condizioni | Not For Loan | CISF - Milano | CISF - Milano | 14/10/2016 | b4552-29446 | 14/10/2016 | 14/10/2016 | LIBRO | Data import 15.10.2016 / by Epidotti, Vaglietti |